Every 100,000+ City in The Netherlands in Order - Statistics

General Stats
  • This quiz has been taken 76 times
    26 since last reset
  • The average score is 23 of 38
Answer Stats
Letter Population City % Correct
A 2,513,854 Amsterdam
100%
R 3,390,913 Rotterdam
100%
T-H 1,104,306 The Hague
100%
U 502,145 Utrecht
100%
E 428,349 Eindhoven
95%
E 402,165 Enschede
91%
M 290,872 Maastricht
91%
T 306,251 Tilburg
91%
G 263,346 Groningen
86%
N 229,496 Nijmegen
86%
B 212,187 Breda
82%
H 248,207 Haarlem
82%
L 272,178 Leiden
82%
A 220,386 Almere
77%
D 285,026 Dordrecht
77%
S-H 196,013 's-Hertogenbosch
73%
A 201,457 Amersfoort
68%
A 171,550 Apeldoorn
68%
A 193,644 Arnhem
68%
Z 138,044 Zwolle
59%
V 103,122 Venlo
55%
H 211,095 Heerlen
50%
A 161,093 Alkmaar
45%
L 126,839 Leeuwarden
45%
Z 130,049 Zoetermeer
45%
A-A-D-R 114,587 Alphen aan den Rijn
41%
E 124,115 Ede
36%
W 170,428 Willemstad
36%
E 110,233 Emmen
32%
H 101,005 Hilversum
32%
D 107,552 Delft
27%
D 108,103 Deventer
27%
O 102,924 Oss
27%
A 102,430 Almelo
23%
H 110,646 Helmond
23%
M 119,446 Middelburg
18%
S 103,447 Sittard
14%
H 103,560 Hoorn
9%
No matching quizzes found
Score Distribution
Percent of People with Each Score
Percentile by Number Answered
Your Score History
You have not taken this quiz since the last reset